Derecho penal: introducción y parte general

Պահպանված է:
Մատենագիտական մանրամասներ
Հիմնական հեղինակներ: Fontán Balestra, Carlos (Հեղինակ), Ledesma, Guillermo A. C (Հեղինակ)
Ձևաչափ: Գիրք
Լեզու:իսպաներեն
Հրապարակվել է: Buenos Aires Abeledo-Perrot 2002
Հրատարակություն:17a. ed
Խորագրեր:
Ցուցիչներ: Ավելացրեք ցուցիչ
Չկան պիտակներ, Եղեք առաջինը, ով նշում է այս գրառումը!

MARC

LEADER 00000nam a2200000 a 4500
001 UCK8853
003 CL-VaPUC
008 060407e20020000AG |||||||||||||||||spa|d
020 |a 9502014421 
082 0 4 |a 345.8205  |b FON  |2 21 
100 0 |a Fontán Balestra, Carlos  |e author  |9 498556 
700 0 |a Ledesma, Guillermo A. C  |e author  |9 498557 
245 1 0 |a Derecho penal: introducción y parte general 
250 |a 17a. ed 
300 |a 685 p 
942 |c BK 
945 |d 20060407 00:00:00  |a cmena 
260 |a Buenos Aires  |b Abeledo-Perrot  |c 2002 
650 7 |a DERECHO PENAL  |2 CL-VaPUC  |9 11 
650 7 |a CODIGO PENAL ARGENTINO  |2 CL-VaPUC  |9 463562 
650 0 |a Defensa  |9 258306 
650 7 |a ELEMENTOS DEL DELITO  |2 CL-VaPUC  |9 498558 
650 0 |a Delitos  |9 224143 
650 0 |a Jurisprudencia  |9 255952 
583 |a last modification  |c 20060407 00:00:00  |k Rodrigo Vera 
999 |c 316256  |d 316254 
952 |0 0  |1 0  |4 0  |6 345_820500000000000_FON_2002  |7 0  |8 A  |9 390467  |a BIBDER  |b BIBDER  |d 2019-11-22  |i 4220781  |o 345.8205 FON 2002  |p 4220781  |r 2023-01-25  |w 2019-11-22  |y BK  |k DER